[Event "Open"]
[Site "Jersey JCI"]
[Date "2004.02.26"]
[Round "5"]
[White "Trevelyan,J"]
[Black "Collier,D"]
[Result "1-0"]
[WhiteElo "2145"]
[BlackElo "2225"]

1.d4 Nf6 2.c4 e6 3.Nc3 Bb4 4.Qc2 O-O 5.Nf3 b6 6.a3 Bxc3+ 7.Qxc3 Ne4 8.Qc2 Bb7
9.e3 f5 10.Bd3 d6 11.b3 Nd7 12.Bb2 a5 13.O-O-O c5 14.Ne1 a4 15.f3 axb3 16.Qe2 Qc7
17.d5 exd5 18.fxe4 dxe4 19.Bb1 Ra4 20.Rd2 Ba6 21.Qh5 Ne5 22.Bxe5 dxe5 23.g4 g6
24.Qg5 f4 25.Kb2 Rxc4 26.exf4 exf4 27.Bxe4 Qg7+ 28.Kb1 Rc1+ 29.Kxc1 Qa1+
30.Bb1 Qc3+ 31.Kd1 b2 32.Qd5+ Kh8 33.Rc2 Qf6 34.Qb3 Rd8+ 35.Rd2 Rxd2+ 36.Kxd2 Qd4+
37.Nd3 Qe3+ 38.Kc2 Qe2+ 39.Kc3 Bxd3 40.Bxd3 Qe5+  1-0

[Event "5th Montenegro Open"]
[Site "Sozina SCG"]
[Date "2004.02.26"]
[Round "9"]
[White "Minic,M"]
[Black "Jicman,L"]
[Result "0-1"]
[WhiteElo "2156"]
[BlackElo "2248"]

1.d4 Nf6 2.c4 e6 3.Nc3 Bb4 4.Qc2 O-O 5.a3 Bxc3+ 6.Qxc3 b6 7.Nf3 Bb7 8.e3 d6
9.Be2 Nbd7 10.b4 Ne4 11.Qc2 f5 12.O-O g5 13.Nd2 g4 14.f3 gxf3 15.Bxf3 Ndf6
16.Bb2 Qe7 17.Rac1 Nxd2 18.Qxd2 Be4 19.c5 Nd5 20.cxd6 cxd6 21.Bxe4 fxe4 22.Rxf8+ Rxf8
23.b5 Qg5 24.Re1 Nf6 25.a4 Ng4 26.Re2 Nxh2 27.Kxh2 Rf1 28.g4 Qh4+ 29.Kg2 Qh1+
30.Kg3 Rf3+  0-1

[Event "11th Metalis Open"]
[Site "Bizovac CRO"]
[Date "2004.02.27"]
[Round "3"]
[White "Doric,D"]
[Black "Brkic,A"]
[Result "1/2-1/2"]
[WhiteElo "2265"]
[BlackElo "2420"]

1.d4 Nf6 2.c4 e6 3.Nc3 Bb4 4.Qc2 O-O 5.a3 Bxc3+ 6.Qxc3 b6 7.Bg5 Bb7 8.f3 h6
9.Bh4 d5 10.e3 Nbd7 11.cxd5 Nxd5 12.Bxd8 Nxc3 13.Bh4 Nd5 14.Bf2 c5 15.e4 Nf4
16.Bb5 Rfd8 17.Ne2 Nxe2 18.Kxe2 cxd4 19.Bxd4 Rac8 20.Rac1 Nb8 21.Be3 Kf8
22.Bf4 Nc6 23.Bxc6 Bxc6 24.Rhd1 Rxd1 25.Kxd1 Ke7 26.Ke1 g5 27.Be5 f6 28.Bg3 e5
29.Kf2 Kd6 30.Ke3 Rg8 31.h3 h5 32.Be1 a5 33.Bc3 h4 34.Rd1+ Ke6 35.Rd2 Rc8
36.Rd1 Bd7 37.Rd2 Ke7 38.Rd1 Be6 39.Rd2 Rc4 40.Rd1 Ra4 41.Rd3 Bc4 42.Rd2 b5
43.Rd1 b4 44.axb4 axb4 45.Be1 Bb3 46.Rd3 Bc2 47.b3 Bxd3 48.bxa4 Bf1 49.Bxb4+ Ke6
50.a5 Ba6 51.Bc5 Bb5 52.Bb6 Kd7 53.Kf2 Ba6 54.g3 hxg3+ 55.Kxg3 Ke6 56.Bd8 Bb5  1/2-1/2

[Event "11th Metalis Open"]
[Site "Bizovac CRO"]
[Date "2004.02.27"]
[Round "4"]
[White "Medic,Mir"]
[Black "Fiskus,Z"]
[Result "1-0"]
[WhiteElo "2256"]
[BlackElo "2000"]

1.d4 Nf6 2.c4 e6 3.Nc3 Bb4 4.Qc2 O-O 5.a3 Bxc3+ 6.Qxc3 d5 7.Bg5 Nbd7 8.e3 Qe8
9.Bf4 Qd8 10.Bd3 Nh5 11.Bg3 c6 12.Nf3 f5 13.Bh4 Qe8 14.Qc2 Ndf6 15.Ne5 h6
16.g4 g5 17.Bg3 Ng7 18.h4 Ne4 19.hxg5 hxg5 20.Bxe4 dxe4 21.f4 gxf4 22.Bxf4 fxg4
23.Qh2 Qh5 24.Qxh5 Nxh5 25.Rxh5 Rf5 26.Rh4 b5 27.Nxc6 Kf8 28.Bd6+ Ke8 29.Ne5  1-0

[Event "ch-TUR"]
[Site "Kusadasi TUR"]
[Date "2004.02.29"]
[Round "2"]
[White "Kayaman,M"]
[Black "Gazioglu,H"]
[Result "1-0"]
[WhiteElo "2012"]
[BlackElo "2013"]

1.d4 Nf6 2.c4 e6 3.Nc3 Bb4 4.Qc2 O-O 5.Bg5 c5 6.e3 d6 7.Nf3 Nbd7 8.Bd3 Qa5
9.O-O Bxc3 10.bxc3 cxd4 11.cxd4 h6 12.Bh4 Qh5 13.Bg3 d5 14.c5 Re8 15.Rab1 e5
16.Nxe5 Nxe5 17.Bxe5 Rxe5 18.dxe5 Ng4 19.h3 Nxe5 20.Be2 Qh4 21.Qc3 Nc6 22.Rfd1 Qg5
23.Kf1 Be6 24.Rxb7 Rc8 25.Bf3 a5 26.a3 a4 27.Rb6 Qd8 28.Qd2 Ne7 29.Qb4 Qe8
30.Bg4 Bxg4 31.hxg4 Qd7 32.Rb7 Qe6 33.Qxa4 Kf8 34.Qd7 Qe4 35.Rd4 Qe6 36.Ra4 Qe5
37.Raa7 Re8 38.Qxe8+  1-0

[Event "FSGM March"]
[Site "Budapest HUN"]
[Date "2004.03.06"]
[Round "1"]
[White "Hoang Thanh Trang"]
[Black "Nguyen Ngoc Truongson"]
[Result "0-1"]
[WhiteElo "2447"]
[BlackElo "2436"]

1.d4 Nf6 2.c4 e6 3.Nc3 Bb4 4.Qc2 O-O 5.a3 Bxc3+ 6.Qxc3 b6 7.Bg5 c5 8.dxc5 bxc5
9.e3 d6 10.Rd1 Nbd7 11.Bd3 Rb8 12.Ne2 Qb6 13.Rd2 Ba6 14.O-O d5 15.Rc1 Bxc4
16.Bxc4 Ne4 17.Qc2 Nxd2 18.Qxd2 Qxb2 19.Qxb2 Rxb2 20.Ba6 Nb8 21.Bd3 c4 22.Bc2 Nc6
23.Nc3 Na5 24.Ba4 Nb3 25.Rd1 f6 26.Bh4 Nc5 27.Bg3 Rc8 28.Bd6 Nxa4 29.Nxa4 c3
30.Kf1 c2 31.Nxb2 c1=Q 32.Rxc1 Rxc1+ 33.Ke2 Rc2+  0-1

[Event "ch-TUR"]
[Site "Kusadasi TUR"]
[Date "2004.03.06"]
[Round "10"]
[White "Ercan,F"]
[Black "Tofan,I"]
[Result "0-1"]
[WhiteElo "2075"]
[BlackElo "2202"]

1.d4 e6 2.c4 Nf6 3.Nc3 Bb4 4.Qc2 O-O 5.Nf3 b6 6.g3 Bb7 7.Bg2 Be4 8.Qd2 d5
9.a3 Bxc3 10.Qxc3 Nbd7 11.b4 c5 12.bxc5 bxc5 13.dxc5 Nxc5 14.cxd5 Qxd5 15.Be3 Rac8
16.Qb4 a5 17.Qb2 Bxf3 18.Rd1 Qxd1+ 19.Kxd1 Bxg2 20.Rg1 Na4 21.Qa1 Be4 22.f3 Nd5
23.Bd4 Ndc3+ 24.Ke1 Bd5 25.Kf2 Rc4 26.Be5 Rfc8 27.g4 f6 28.Bxc3 Rxc3 29.g5 f5
30.h4 Rc2 31.Qe5 Nb2 32.Kg3 Nc4 33.Qf4 Rxe2 34.Rb1 e5 35.Qxf5 Rf8 36.Qd3 Rxf3+  0-1

[Event "FSGM March"]
[Site "Budapest HUN"]
[Date "2004.03.10"]
[Round "5"]
[White "Hoang Thanh Trang"]
[Black "Mahesh Chandran,P"]
[Result "1/2-1/2"]
[WhiteElo "2447"]
[BlackElo "2437"]

1.d4 Nf6 2.c4 e6 3.Nc3 Bb4 4.Qc2 O-O 5.a3 Bxc3+ 6.Qxc3 b6 7.Bg5 Bb7 8.Nf3 d6
9.Nd2 Nbd7 10.f3 d5 11.e3 Re8 12.Bd3 h6 13.Bh4 e5 14.O-O c5 15.Bf5 g5 16.Bf2 Qc7
17.Rac1 dxc4 18.Nxc4 Ba6 19.Rfd1 Nd5 20.Qc2 exd4 21.exd4 N7f6 22.dxc5 bxc5
23.Qa4 Bxc4 24.Qxc4 Qe5 25.Be4 Rad8 26.Bxd5 Nxd5 27.Qxc5 Qxb2 28.Bd4 Qa2
29.Ra1 Qe2 30.Bf2 Nf4 31.Re1 Qb2 32.Rxe8+ Rxe8 33.Rd1 Qe2 34.Qd6 Qc2 35.h4 gxh4
36.Rd2 Ne2+ 37.Kh2 Qf5 38.Rd5 Qf4+ 39.Qxf4 Nxf4 40.Rf5 Re2 41.Rxf4 Rxf2 42.Rxh4 Ra2
43.Ra4 Kg7 44.Rxa7 Kg6 45.Kh3 h5 46.Ra5 Rc2 47.a4 Rc4 48.Kg3 h4+ 49.Kh3 Rb4
50.Ra6+ Kg7 51.Ra8 Rc4 52.a5 Ra4 53.a6 Kh7 54.a7 Kg7 55.f4 Kf6 56.Kg4 Ra2
57.Kxh4 Kf5 58.Kg3 Ra4 59.Rb8 Rxa7 60.Rb5+ Kg6 61.Kg4 Ra4 62.Rb6+ f6 63.Rd6 Rb4
64.Kf3 Rb3+ 65.Ke4 Rb4+ 66.Kf3 Rb3+ 67.Ke4 Rg3 68.Rd2 f5+ 69.Kd5 Re3 70.Rf2 Kh5
71.Rf3 Re2 72.Rg3 Kh4 73.Rg5 Rd2+ 74.Ke6 Rd6+ 75.Kxf5 Rf6+ 76.Ke5 Re6+ 77.Kd5 Rd6+
78.Ke4 Rd4+ 79.Ke5 Re4+ 80.Kd5 Rxf4 81.Re5 Kg3 82.Re2 Rf1  1/2-1/2

[Event "ch-VIE"]
[Site "Dalat City VIE"]
[Date "2004.03.16"]
[Round "6"]
[White "Duong The Anh"]
[Black "Nguyen Anh Dung"]
[Result "1/2-1/2"]
[WhiteElo "2281"]
[BlackElo "2535"]

1.d4 Nf6 2.c4 e6 3.Nc3 Bb4 4.Qc2 O-O 5.a3 Bxc3+ 6.Qxc3 b6 7.Bg5 Ba6 8.Qf3 Nc6
9.e3 h6 10.Bxf6 Qxf6 11.Qxf6 gxf6 12.b4 Ne7 13.Nf3 d6 14.Be2  1/2-1/2

[Event "TCh-CZE Extraliga 2003-4"]
[Site "Czech Rep CZE"]
[Date "2004.03.20"]
[Round "8"]
[White "Stocek,J"]
[Black "Hracek,Z"]
[Result "1/2-1/2"]
[WhiteElo "2552"]
[BlackElo "2599"]

1.d4 Nf6 2.c4 e6 3.Nc3 Bb4 4.Qc2 O-O 5.e4 d6 6.a3 Bxc3+ 7.bxc3 c5 8.Bd3 Qc7
9.f4 b5 10.cxb5 cxd4 11.Ne2 Bb7 12.O-O Nbd7 13.Bb2 Rac8 14.Nxd4 Nc5 15.Rae1 Nxd3
16.Qxd3 Qc4 17.Qxc4 Rxc4 18.e5 dxe5 19.Rxe5 Rb8 20.Nb3 Bd5 21.Nd2 Ra4 22.c4 Bxc4
23.Nxc4 Rxc4 24.Rg5 h6 25.Rg3 Kh7 26.Rb3 Ne4 27.Rd1 Nc5 28.Be5 Rb7 29.Rbb1 Ne4
30.Rd4 Rxb5 31.Re1 Rxd4 32.Bxd4 Nf6 33.Bxa7 Ra5 34.Bd4 Rxa3 35.g3 Ng4 36.Re2 h5
37.Kg2 Kg6 38.h3 Nh6 39.Bc5 Rc3 40.Bd4 Rd3 41.Bf2 Rd5 42.Ra2 Nf5 43.Ra3 Nh6
44.Kf3 Kf5 45.Be3 f6 46.Ra7 Kg6 47.Ra6 Kf5 48.Ra7 Kg6 49.Ra6 Kf7 50.Ra7+ Kf8
51.Ra8+ Ke7 52.Ra7+ Kf8 53.Ra8+ Ke7 54.Ra7+ Rd7 55.Bc5+ Ke8 56.Rxd7 Kxd7
57.Bf8 Ke8 58.Bxg7 Ng8 59.g4 Kf7 60.Bh8 Kg6 61.f5+ exf5 62.gxh5+ Kxh5 63.Bg7 Kg5
64.h4+ Kxh4 65.Kf4 Kh5 66.Kxf5 Nh6+ 67.Bxh6 Kxh6 68.Kxf6  1/2-1/2

[Event "It"]
[Site "Rishon le Zion ISR"]
[Date "2004.03.22"]
[Round "3"]
[White "Blokh,D"]
[Black "Lerner,K"]
[Result "1/2-1/2"]
[WhiteElo "2261"]
[BlackElo "2515"]

1.d4 Nf6 2.c4 e6 3.Nc3 Bb4 4.Qc2 O-O 5.a3 Bxc3+ 6.Qxc3 b6 7.Bg5 Bb7 8.f3 h6
9.Bh4 d5 10.e3 Re8 11.Bd3 Nbd7 12.cxd5 exd5 13.Ne2 c5 14.O-O Qe7 15.Bf2 a5
16.Rfe1 c4 17.Bc2 b5 18.b4 Nb8 19.bxa5 Nc6 20.Ng3 Qd8 21.Nf5 Bc8 22.Qb2 Rxa5
23.Reb1 Bxf5 24.Bxf5 Qe7 25.e4 Rea8 26.exd5 Nxd5 27.Be4 b4 28.Bxd5 Rxd5 29.axb4 Rxa1
30.Qxa1 Qb7 31.Qc3 Qb5 32.Rc1 Qxb4 33.Qxc4 Qxc4 34.Rxc4 Ne7 35.Rc5 Rd7 36.Kf1 f6
37.Ke2 Kf7 38.Kd3 Ke6 39.Ra5 Rb7 40.Ra6+ Kd7 41.Ra2 Nd5 42.Kc4 Kc6 43.Ra6+ Rb6
44.Rxb6+ Nxb6+ 45.Kd3 Kd5 46.Be1 h5 47.Bb4 g6 48.g4 hxg4 49.fxg4 g5 50.Be7 Ke6
51.Bd8 Nd5 52.Ke4 Nc3+ 53.Kd3 Nd5 54.Ba5 f5 55.gxf5+ Kxf5 56.Kc4 Ke6 57.Bd2 g4  1/2-1/2

[Event "It"]
[Site "Rishon le Zion ISR"]
[Date "2004.03.25"]
[Round "6"]
[White "Blokh,D"]
[Black "Rodshtein,M"]
[Result "0-1"]
[WhiteElo "2261"]
[BlackElo "2357"]

1.d4 e6 2.c4 Nf6 3.Nc3 Bb4 4.Qc2 O-O 5.a3 Bxc3+ 6.Qxc3 Ne4 7.Qc2 f5 8.g3 b6
9.Bg2 Bb7 10.Nf3 Nf6 11.O-O Be4 12.Qc3 d6 13.Re1 Qe8 14.Bf1 Nbd7 15.Ng5 Bb7
16.f3 h6 17.Nh3 g5 18.Bg2 Qg6 19.b4 e5 20.Nf2 Rae8 21.d5 h5 22.f4 exf4 23.gxf4 g4
24.Qg3 Re7 25.h4 Rfe8 26.e3 b5 27.cxb5 Bxd5 28.Bb2 Bxg2 29.Kxg2 Nd5 30.Bd4 a6
31.bxa6 c5 32.bxc5 dxc5 33.Be5 Nxe5 34.fxe5 Rxe5 35.a7 Qc6 36.e4 fxe4 37.Kh2 Qa6
38.Qb3 Qxa7 39.Rxe4 c4 40.Qc2 Rxe4 41.Nxe4 Qe7 42.Ng3 Qxh4+  0-1

[Event "FSIM April"]
[Site "Budapest HUN"]
[Date "2004.04.03"]
[Round "1"]
[White "Thorarinsson,P"]
[Black "Fodor,T jr"]
[Result "0-1"]
[WhiteElo "2278"]
[BlackElo "2183"]

1.d4 Nf6 2.c4 e6 3.Nc3 Bb4 4.Qc2 O-O 5.a3 Bxc3+ 6.Qxc3 Ne4 7.Qc2 f5 8.Nf3 b6
9.g3 Bb7 10.Bg2 Nf6 11.O-O Be4 12.Qc3 d6 13.b3 Qe8 14.Re1 Nbd7 15.Bf1 Bb7
16.b4 Qh5 17.Ng5 Rae8 18.c5 bxc5 19.bxc5 Bd5 20.Qa5 dxc5 21.dxc5 c6 22.Qxa7 h6
23.Nh3 g5 24.f4 Rf7 25.fxg5 Ng4 26.gxh6 Ndf6 27.Qa4 Ne4 28.Qc2 Nef2 29.e4 Bxe4
30.Qxf2 Nxf2 31.Nxf2 Kh7 32.Nxe4 fxe4 33.Bg2 Rb8 34.Bxe4+ Kh8 35.Be3 Qe5
36.Rad1 Qh5 37.Bxc6 e5 38.Be4 Rff8 39.Rd7 Rf7 40.c6 Rxd7 41.cxd7 Rd8 42.Bc6 Qg6
43.Bb5 Qd6 44.a4 Kh7 45.a5 Qb4 46.Bd3+ e4 47.Rb1 Qa4 48.Bf1 Rxd7 49.a6 Qc2
50.Rc1 Qb3 51.Bf4 Re7 52.Bh3 Rf7 53.Rf1 Qb6+ 54.Kh1 Qxa6 55.Bg2 Qe2 56.h4 Rb7
57.Rc1 Rb2 58.Rc7+ Kg6 59.Rc6+ Kf7 60.Rc7+ Ke8 61.Rc8+ Ke7 62.Rc7+ Kd8  0-1

[Event "TCh-FRA Nat1 GpB"]
[Site "Montpellier FRA"]
[Date "2004.04.04"]
[Round "7"]
[White "Karr,JP"]
[Black "Miralles,G"]
[Result "1/2-1/2"]
[WhiteElo "2364"]
[BlackElo "2450"]

1.d4 Nf6 2.c4 e6 3.Nc3 Bb4 4.Qc2 O-O 5.a3 Bxc3+ 6.Qxc3 b6 7.Bg5 Bb7 8.e3 h6
9.Bh4 d5 10.cxd5 Bxd5 11.f3 c5 12.dxc5 Nbd7 13.Bb5 Nxc5 14.Bxf6 Qxf6 15.Qxf6 gxf6
16.b4 a6 17.Be2 Na4 18.Nh3 e5 19.Nf2 Rfe8 20.Ng4 Kg7 21.e4 Be6 22.Ne3 a5
23.Kf2 Nc3 24.Rhc1  1/2-1/2

[Event "FSGM April"]
[Site "Budapest HUN"]
[Date "2004.04.09"]
[Round "7"]
[White "Pataki,G"]
[Black "Horvath,P1"]
[Result "0-1"]
[WhiteElo "2374"]
[BlackElo "2464"]

1.d4 Nf6 2.c4 e6 3.Nc3 Bb4 4.Qc2 O-O 5.e4 d5 6.e5 Ne4 7.Bd3 c5 8.a3 Bxc3+
9.bxc3 cxd4 10.cxd4 Qa5+ 11.Kf1 Nc6 12.Ne2 f5 13.exf6 Nxf6 14.Be3 Bd7 15.Qd2 Qd8
16.Kg1 Na5 17.Qa2 Nxc4 18.Bxc4 dxc4 19.Qxc4 Nd5 20.Qd3 Bc6 21.h4 Nxe3 22.Qxe3 Qd5
23.f3 Rae8 24.Nf4 Qd6 25.Nd3 Bxf3 26.Ne5 Bc6 27.Rh3 Rd8 28.Rd1 Rf5 29.Nxc6 bxc6
30.Re1 Rf6 31.Rc1 Qxd4 32.Qxd4 Rxd4 33.Rxc6 Rd7 34.Re3 Re7 35.Re4 g6 36.Ra6 Kg7
37.Re5 h5 38.Kh2 Rf4 39.Rexe6 Rxe6 40.Rxe6 Rxh4+ 41.Kg3 Ra4 42.Re3 Kf6 43.Kf2 Kf5
44.Rb3 h4 45.Rc3 g5 46.Rc5+ Kg4 47.Rc3 Rf4+ 48.Kg1 Rd4 49.Kh2 Ra4 50.Kg1 Kf4
51.Kf2 g4 52.g3+ hxg3+ 53.Rxg3 Rc4 54.Rb3 Rc2+ 55.Kg1 Ra2 56.Rb4+ Kg3 57.Rb3+ Kh4
58.Rc3 a5 59.Rb3 a4 60.Rc3 Rb2 61.Rc4 Kh3 62.Rc7 Rb3 63.Rc8 Rxa3 64.Rc2 Ra1+
65.Kf2 g3+ 66.Kf3 Rf1+  0-1

[Event "8th Neckar Open"]
[Site "Deizisau GER"]
[Date "2004.04.09"]
[Round "3"]
[White "Armbruster,A"]
[Black "Gelashvili,T"]
[Result "0-1"]
[WhiteElo "2342"]
[BlackElo "2535"]

1.d4 Nf6 2.c4 e6 3.Nc3 Bb4 4.Qc2 O-O 5.a3 Bxc3+ 6.Qxc3 b5 7.cxb5 c6 8.g3 cxb5
9.Bg2 Nc6 10.Bf4 Bb7 11.Bd6 Re8 12.e4 Rc8 13.Qd3 e5 14.Ne2 Nxd4 15.Nxd4 exd4
16.O-O Nxe4 17.Bxe4 Bxe4 18.Qxd4 Qg5 19.Rae1 Bc6 20.Re5 Rxe5 21.Qxe5 Qd2
22.Bb4 Qd3 23.Re1 f6 24.Qh5 g6 25.Qg4 Qd5 26.f3 f5 27.Qh3 Qxf3 28.Re7 h5
29.Bc3 Be4 30.Rg7+ Kf8 31.Rxg6 Rxc3 32.bxc3 Qe3+ 33.Kf1 Bd3+ 34.Kg2 Qe2+
35.Kg1 Qe1+  0-1

[Event "Open ch-NOR"]
[Site "Oslo NOR"]
[Date "2004.04.09"]
[Round "7"]
[White "Bjerke,S"]
[Black "Borchgrevink,H"]
[Result "1/2-1/2"]
[WhiteElo "2083"]
[BlackElo "2227"]

1.Nh3 Na6 2.Na3 Nh6 3.Nb1 Ng8 4.Ng1 Nb8 5.d4 Nf6 6.c4 e6 7.Nc3 Bb4 8.Qc2 O-O
9.a3 Bxc3+ 10.Qxc3 b6 11.Bg5 Bb7 12.Nf3 d6 13.e3 Nbd7 14.Be2 Qe8 15.Qc2 Ne4
16.Bh4 f5 17.Bg3 a5 18.O-O Nxg3 19.hxg3 a4 20.Rfd1 Nf6 21.c5 Be4 22.Qc1 Qe7
23.cxb6 cxb6 24.Qd2 Qb7 25.Rac1 h6 26.Qb4 Rfd8 27.Ne1 g5 28.Bf3 Nd5 29.Bxe4 fxe4
30.Qd2 Rac8 31.Nc2 Rc4 32.Nb4 Rdc8 33.Nxd5 Qxd5 34.Rxc4 Qxc4 35.Rf1 Kg7 36.Qd1 Kg6
37.Qg4 Qd5 38.Qe2 b5 39.f3 Rf8 40.Qc2 Kg7 41.fxe4 Rxf1+ 42.Kxf1 Qb7 43.g4 Qd7
44.Qc3 Kf6 45.Qd3 Kg7 46.d5 e5 47.Qe2 Qb7 48.Qd2  1/2-1/2

[Event "Pobeskydi Arcimpex Cup"]
[Site "Frydek Mistek CZE"]
[Date "2004.04.10"]
[Round "5"]
[White "Wiley,To"]
[Black "Holusova,T"]
[Result "0-1"]
[WhiteElo "2274"]
[BlackElo "2164"]

1.d4 e6 2.c4 Nf6 3.Nc3 Bb4 4.Qc2 O-O 5.a3 Bxc3+ 6.Qxc3 Ne4 7.Qc2 f5 8.Nh3 Nc6
9.e3 d6 10.f3 Nf6 11.Bd3 Qe8 12.b4 a5 13.b5 Ne7 14.Bb2 Ng6 15.O-O Bd7 16.a4 Nh5
17.f4 c5 18.g3 Qe7 19.Rae1 Rae8 20.e4 Qd8 21.Nf2 Bc8 22.dxc5 dxc5 23.Rd1 Qc7
24.Rfe1 Rd8 25.Rd2 Nhxf4 26.gxf4 Qxf4 27.Qc3 Rd4 28.Rc2 Nh4 29.Be2 Rf6 30.Nh1 fxe4
31.Rf1 Nf3+ 32.Bxf3 exf3 33.Rcf2 Rg6+  0-1

[Event "10th WDB Easter Open"]
[Site "Essen GER"]
[Date "2004.04.11"]
[Round "7"]
[White "Eismont,I"]
[Black "Claassen,J"]
[Result "1-0"]
[WhiteElo "2311"]
[BlackElo "2205"]

1.d4 Nf6 2.c4 e6 3.Nc3 Bb4 4.Qc2 O-O 5.Bg5 h6 6.Bh4 b6 7.e3 Bb7 8.Nf3 d6
9.Be2 Nbd7 10.O-O Bxc3 11.Qxc3 Ne4 12.Qc2 g5 13.Bg3 f5 14.Nd2 Nxg3 15.fxg3 Nf6
16.Bd3 c5 17.d5 exd5 18.Bxf5 Qe7 19.Rae1 Rae8 20.b3 dxc4 21.bxc4 d5 22.g4 dxc4
23.Qxc4+ Bd5 24.Qa4 Ne4 25.Nxe4 Bxe4 26.Qc4+ Qf7 27.Bh7+ Bxh7 28.Rxf7 Rxf7
29.e4 Kg7 30.e5 Rfe7 31.Qc3 Re6 32.a3 R8e7 33.h4 gxh4 34.Kh2 Rd7 35.Re3 Rd4
36.Kh3 Rxe5 37.Qxd4 cxd4 38.Rxe5 Kf6 39.Rd5 d3 40.Kxh4 Be4 41.Rd8 Ke5 42.Kg3 Bd5
43.Kf2 d2 44.Ke2 d1=Q+ 45.Kxd1 Bxg2 46.Ke2 Kf4 47.Kf2 Be4 48.Rd4 a5 49.Ra4 b5
50.Rxa5 Bd3 51.Ra6 Kxg4 52.Rxh6 Kf4 53.Re6 Bc2 54.Ke2 Ba4 55.Kd2 Kf5 56.Rb6  1-0

[Event "ch-HUN U20"]
[Site "Budapest HUN"]
[Date "2004.04.13"]
[Round "9"]
[White "Erdos,V"]
[Black "Szabo,K"]
[Result "0-1"]
[WhiteElo "2473"]
[BlackElo "2336"]

1.d4 Nf6 2.c4 e6 3.Nc3 Bb4 4.Qc2 O-O 5.a3 Bxc3+ 6.Qxc3 b6 7.Bg5 Bb7 8.e3 d6
9.Ne2 Nbd7 10.Qd3 Ba6 11.b4 c5 12.b5 Bb7 13.Nc3 Qe7 14.f3 h6 15.Bh4 cxd4
16.Qxd4 Nc5 17.Rd1 Rfd8 18.e4 g5 19.Bg3 d5 20.e5 Nh5 21.Qg4 Ng7 22.cxd5 exd5
23.Be2 h5 24.Qb4 Nf5 25.O-O Nxg3 26.hxg3 Qxe5 27.Rfe1 Qxg3 28.Bf1 Qc7 29.Qd4 Ne6
30.Qf6 Qf4 31.Qe7 Rac8 32.Ne2 Qc7 33.Qf6 Rd6 34.Ng3 Ng7 35.Qb2 Re6 36.Rxe6 fxe6
37.Ne2 e5 38.Qd2 Qe7 39.Kh1 d4 40.Re1 Qf6 41.Kg1 Nf5 42.Rc1 Rxc1 43.Qxc1 Qe7
44.Qc2 Qd7 45.Nc1 Kg7 46.Nd3 Kf6 47.Qa4 Bd5 48.Nf2 Ne3 49.Bd3 Qc7 50.Qb4 Qc5
51.Qb1 Qe7 52.Qc1 Qd7 53.a4 g4 54.fxg4 hxg4 55.Qe1 Kg7 56.Ne4 Qe7 57.Ng3 Qf7
58.Qe2 Bxg2 59.Nf5+ Nxf5 60.Qxe5+ Qf6 61.Qc7+ Qe7 62.Qc4 Qe1+ 63.Kh2 Qh1+  0-1

[Event "ACP Blitz Prelim2"]
[Site "playchess.com INT"]
[Date "2004.04.13"]
[Round "2"]
[White "Gustafsson,J"]
[Black "Vescovi,G"]
[Result "1-0"]
[WhiteElo "2579"]
[BlackElo "2648"]

1.d4 Nf6 2.c4 e6 3.Nc3 Bb4 4.Qc2 O-O 5.a3 Bxc3+ 6.Qxc3 b6 7.Bg5 Bb7 8.Nf3 d6
9.Nd2 Nbd7 10.f3 c5 11.e4 h6 12.Bh4 cxd4 13.Qxd4 Qe7 14.Be2 Rfd8 15.O-O Rac8
16.Rfd1 e5 17.Qf2 Nf8 18.Nf1 Ng6 19.Bg3 Nh5 20.Ne3 Nxg3 21.hxg3 Qe6 22.Rd2 Ne7
23.Rad1 Bc6 24.Bf1 Ba4 25.Rb1 Bb3 26.Qe1 Nc6 27.Rc1 Na5 28.Rd5 Nc6 29.Rc3 Nd4
30.Nf5 Ba4 31.Nxd4 exd4 32.Rxd4 Qe5 33.Qf2 Bc6 34.Rc1 Bb7 35.Rcd1 Ba6 36.f4 Qc5
37.b4 Qc7 38.Qd2 Re8 39.Be2 Bb7 40.Bf3 Re7 41.Rxd6 Bxe4 42.Rd8+ Kh7 43.Rxc8 Qxc8
44.Bxe4+ Rxe4 45.Qc2 f5 46.c5 Qc6 47.Kh2 bxc5 48.bxc5 Qb5 49.Rc1 Qc6 50.Qd3 Kg6
51.Qd8 Re6 52.Qd3 Re7 53.g4 Qe4 54.gxf5+ Qxf5 55.Qg3+ Kh7 56.c6 Rc7 57.Qe3 h5
58.Rc5 Qg6 59.Qc3 h4 60.f5 Qg5 61.Qe5 Qg3+ 62.Qxg3 hxg3+ 63.Kxg3 Kg8 64.Kf4  1-0

[Event "It"]
[Site "Indjija SCG"]
[Date "2004.04.20"]
[Round "11"]
[White "Grunberg,M"]
[Black "Illijin,N"]
[Result "1/2-1/2"]
[WhiteElo "2401"]
[BlackElo "2276"]

1.d4 Nf6 2.c4 e6 3.Nc3 Bb4 4.Qc2 O-O 5.Nf3 b6 6.Bg5 Bb7 7.e3 d6 8.Bd3 h6
9.Bh4 Nbd7 10.a3 Bxc3+ 11.Qxc3 c5  1/2-1/2

[Event "TCh-RUS w"]
[Site "Sochi RUS"]
[Date "2004.04.20"]
[Round "1"]
[White "Sirotkina,N"]
[Black "Demina,J"]
[Result "1/2-1/2"]
[WhiteElo "2229"]
[BlackElo "2335"]

1.d4 Nf6 2.c4 e6 3.Nc3 Bb4 4.Qc2 O-O 5.a3 Bxc3+ 6.Qxc3 Ne4 7.Qc2 f5 8.e3 b6
9.Nf3 Bb7 10.Be2 Ng5 11.Qd1 Nxf3+ 12.Bxf3 Be4 13.Bxe4 fxe4 14.Qg4 Qf6 15.O-O Qf5
16.Qxf5 exf5 17.f3 exf3 18.Rxf3 d6 19.Bd2 Nd7 20.Re1 Rae8 21.Rf4 Re4 22.Rxe4 fxe4
23.b4 Kf7 24.Rc1 c6 25.Be1 h6 26.Bg3  1/2-1/2

[Event "TCh-RUS w"]
[Site "Sochi RUS"]
[Date "2004.04.20"]
[Round "1"]
[White "Ubiennykh,E"]
[Black "Meshcheriakova,E"]
[Result "1-0"]
[WhiteElo "2282"]
[BlackElo "2206"]

1.d4 Nf6 2.c4 e6 3.Nc3 Bb4 4.Qc2 O-O 5.a3 Bxc3+ 6.Qxc3 b6 7.Bg5 Bb7 8.f3 d6
9.e4 c5 10.dxc5 bxc5 11.Nh3 Nc6 12.Nf2 Qa5 13.Qxa5 Nxa5 14.Rd1 d5 15.cxd5 exd5
16.Bxf6 gxf6 17.Ng4 dxe4 18.b4 cxb4 19.axb4 Nc6 20.b5 Ne5 21.Nxf6+ Kg7 22.Nxe4 Bxe4
23.fxe4 Rfd8 24.Be2 Rxd1+ 25.Bxd1 Rc8 26.Kf2 Nc4 27.Be2 Nd6 28.e5 Ne4+ 29.Ke3 Nc3
30.Bd3 Rb8 31.Ra1 Nxb5 32.Ra5 a6 33.Rxa6 Nc7 34.Ra7 Ne6 35.Bc4 Rb6 36.h4 Rc6
37.Bd5 Rc7 38.Rxc7 Nxc7 39.Kd4 Kf8 40.Bc4 Ke7 41.Ke4 h6 42.Kf5 Ne8 43.g4 Ng7+
44.Ke4 Ke8 45.h5 Ke7 46.g5 Nxh5 47.gxh6 Nf6+ 48.Kf4 Nh7 49.Bd3 Nf8 50.Kf5 Nh7
51.Kg4 Nf8 52.Bf5 f6 53.e6 Kd6 54.Kf4 Ke7 55.Ke3 Kd6 56.Kd4  1-0

[Event "TCh-RUS w"]
[Site "Sochi RUS"]
[Date "2004.04.22"]
[Round "3"]
[White "Matveeva,S"]
[Black "Meshcheriakova,E"]
[Result "1-0"]
[WhiteElo "2496"]
[BlackElo "2206"]

1.d4 Nf6 2.c4 e6 3.Nc3 Bb4 4.Qc2 O-O 5.a3 Bxc3+ 6.Qxc3 b6 7.Nf3 h6 8.e3 Bb7
9.Be2 d6 10.O-O Nbd7 11.b4 Ne4 12.Qc2 c5 13.Bb2 Qe7 14.dxc5 bxc5 15.b5 Rfd8
16.a4 a5 17.Nd2 Nxd2 18.Qxd2 Nf6 19.f3 d5 20.Rfd1 e5 21.Bc3 dxc4 22.Qe1 Rxd1
23.Rxd1 Nd5 24.Bxc4 Nxc3 25.Qxc3 Rd8 26.Rxd8+ Qxd8 27.Qxe5 Qd1+ 28.Kf2 Qc2+
29.Be2 Kh7 30.Qd6 c4 31.Qd7 Qb2 32.Qxb7 c3 33.Qxf7 Qd2 34.Qf5+ Kg8 35.Qd3 Qb2
36.Qd4  1-0

[Event "ch-LTU"]
[Site "Vilnius LTU"]
[Date "2004.04.23"]
[Round "1"]
[White "Sakalauskas,V"]
[Black "Sulskis,S"]
[Result "1-0"]
[WhiteElo "2437"]
[BlackElo "2570"]

1.d4 Nf6 2.c4 e6 3.Nc3 Bb4 4.Qc2 O-O 5.Nf3 b6 6.e4 c5 7.e5 cxd4 8.a3 dxc3
9.axb4 cxb2 10.Bxb2 Ne8 11.Bd3 f5 12.exf6 Nxf6 13.Ng5 h6 14.Nh7 Nc6 15.Nxf8 Nxb4
16.Qd2 Qxf8 17.O-O Bb7 18.Ba3 a5 19.Bxb4 axb4 20.Rxa8 Qxa8 21.f3 Qa3 22.Rb1 Kf7
23.Rxb4 Qa5 24.Qb2 Qc5+ 25.Kh1 g5 26.Rb5 Qe3 27.Qe2 Qd4 28.Qd1 Ke7 29.Be2 Qf2
30.Qf1 Qe3 31.Rb1 Bc6 32.Re1 g4 33.Bd3 Qd4 34.Be2 h5 35.Rd1 Qe3 36.Qe1 gxf3
37.Bxf3 Qxe1+ 38.Rxe1 Bxf3 39.gxf3 Kd6 40.Rb1 Kc6 41.Kg2 Ne8 42.Kg3 Nd6 43.Kh4 Nxc4
44.Kxh5 d5 45.Kg5 Nd2 46.Rc1+ Kd6 47.Rc3 e5 48.Rd3 Nc4 49.h4 Ke6 50.h5 Nd6
51.h6 Nf7+ 52.Kg6 Nxh6 53.Kxh6 e4 54.fxe4 dxe4 55.Rd8 Kf5 56.Kh5 e3 57.Rf8+ Ke4
58.Kg4 b5 59.Re8+ Kd3 60.Kf3 b4 61.Rb8 e2 62.Rd8+  1-0

[Event "ch-LTU"]
[Site "Vilnius LTU"]
[Date "2004.04.24"]
[Round "2"]
[White "Zagorskis,D"]
[Black "Kveinys,A"]
[Result "1/2-1/2"]
[WhiteElo "2470"]
[BlackElo "2550"]

1.d4 Nf6 2.c4 e6 3.Nc3 Bb4 4.Qc2 O-O 5.Nf3 b6 6.e4 Bxc3+ 7.bxc3 Ne8 8.Bd3 Bb7
9.O-O Nc6 10.c5 Ne7 11.cxb6 axb6 12.Nd2 f5 13.f3 Nf6 14.Nb3 Bc6 15.c4 Ne8
16.Bg5 Nd6 17.d5 Ba4 18.Rae1 h6 19.Bxe7 Qxe7 20.exf5 Bxb3 21.axb3 Nxf5 22.Bxf5 Qc5+
23.Qf2 exf5 24.Qxc5 bxc5  1/2-1/2

[Event "6th Open"]
[Site "Dubai UAE"]
[Date "2004.04.25"]
[Round "7"]
[White "Kruppa,Y"]
[Black "Izoria,Z"]
[Result "1/2-1/2"]
[WhiteElo "2533"]
[BlackElo "2573"]

1.d4 Nf6 2.c4 e6 3.Nc3 Bb4 4.Qc2 O-O 5.a3 Bxc3+ 6.Qxc3 b6 7.Nh3 Bb7 8.f3 d6
9.e4 c5 10.Be3 cxd4 11.Bxd4 Nc6 12.Bxf6 Qxf6 13.Qxf6 gxf6 14.Nf4 Rfc8 15.Nh5 Na5
16.Nxf6+ Kg7 17.Ng4 Nxc4 18.Bxc4 Rxc4 19.Ne3 Rc5 20.Rd1 d5 21.exd5 Bxd5 22.Nxd5  1/2-1/2

[Event "6th Open"]
[Site "Dubai UAE"]
[Date "2004.04.25"]
[Round "7"]
[White "Nadera,B"]
[Black "Ramesh,R"]
[Result "1/2-1/2"]
[WhiteElo "2390"]
[BlackElo "2493"]

1.d4 Nf6 2.c4 e6 3.Nc3 Bb4 4.Qc2 O-O 5.a3 Bxc3+ 6.Qxc3 d6 7.Bg5 Nbd7 8.e3 b6
9.f3 c5 10.Bd3 Ba6 11.Qc2 h6 12.Bh4 cxd4 13.exd4 e5 14.Ne2 exd4 15.Nxd4 Re8+
16.Be2 Rc8 17.O-O d5 18.b3 dxc4 19.bxc4 Qc7 20.Rac1 Nd5 21.cxd5 Qf4 22.Nc6 Rxe2
23.Bg3 Qe3+ 24.Bf2 Qg5 25.Qa4 Rxf2 26.Kxf2 Bxf1 27.Rxf1 Ne5 28.f4 Qh4+ 29.Kg1 Nxc6
30.dxc6 Qe7 31.Kh1 Qc5 32.Qxa7 Rxc6 33.h3 Re6 34.f5 Rf6 35.a4 g6 36.Rf3 Rxf5
37.Rxf5 gxf5 38.Qb8+ Kg7  1/2-1/2

[Event "6th Open"]
[Site "Dubai UAE"]
[Date "2004.04.28"]
[Round "9"]
[White "Nadera,B"]
[Black "Tondivar,B"]
[Result "1/2-1/2"]
[WhiteElo "2390"]
[BlackElo "2304"]

1.d4 e6 2.c4 Nf6 3.Nc3 Bb4 4.Qc2 O-O 5.a3 Bxc3+ 6.Qxc3 b6 7.Bg5 Ba6 8.e3 d6
9.Bd3 Nbd7 10.Ne2 Rc8 11.b4 h6 12.Bh4 Ne4 13.Bxd8 Nxc3 14.Bh4 Nxe2 15.Kxe2 Rfe8
16.Rhc1 c5 17.f3 d5 18.b5 dxc4 19.Bxc4 Bb7 20.Kf1 cxd4 21.exd4 Nf6 22.Bxf6 gxf6
23.Kf2 Re7 24.Be2 Rd8 25.Rc4 Bd5 26.Rc3 Red7 27.Rac1 f5 28.g3 Kg7 29.Ke3 Kf6
30.Rc8 Rxc8 31.Rxc8 Bb7 32.Rc3 Ke7 33.h4 f6 34.g4 fxg4 35.fxg4 Kd6 36.Kf4 Rc7
37.Rxc7 Kxc7 38.g5 hxg5+ 39.hxg5 fxg5+ 40.Kxg5 Kd6 41.Kf4 Bd5 42.Ke3 e5 43.Kd3  1/2-1/2